[Event "6 Koge Open 2025 GM"]
[Site "Koge"]
[Date "2025.07.15"]
[Round "1.1"]
[White "Jaksland, Tim"]
[Black "Hector, Jonny"]
[Result "0-1"]
[WhiteElo "2108"]
[BlackElo "2427"]
[PlyCount "66"]
[EventDate "2025.07.15"]
[EventType "tourn"]
[EventRounds "9"]
[EventCountry "DEN"]
[SourceTitle "Live v. Koge Skakklub"]

1. e4 e5 2. Nf3 Nc6 3. Nc3 Nf6 4. d4 exd4 5. Nxd4 Bb4 6. Nxc6 bxc6 7. Bd3 d5 8. exd5 O-O 9. O-O cxd5 10. h3 Re8 11. Qf3 Rb8 12. Bg5 Be6 13. Rad1 Be7 14. Bb5 Rf8 15. a4 d4 16. Ne4 Nxe4 17. Bxe7 Qxe7 18. Qxe4 c5 19. c3 dxc3 20. bxc3 Qf6 21. Rc1 Rfd8 22. Bc4 Bd7 23. Rfd1 Re8 24. Qc2 Bf5 25. Bd3 Be6 26. Rb1 g6 27. Re1 c4 28. Be4 Rb3 29. Re3 Reb8 30. Rxb3 cxb3 31. Qb2 Bc4 32. Bf3 Qa6 33. Re4 Qxa4 0-1

[Event "6 Koge Open 2025 GM"]
[Site "Koge"]
[Date "2025.07.15"]
[Round "1.5"]
[White "Bhagat, Kush"]
[Black "Okhotnik, Vladimir"]
[Result "1-0"]
[WhiteElo "2369"]
[BlackElo "2255"]
[PlyCount "85"]
[EventDate "2025.07.15"]
[EventType "tourn"]
[EventRounds "9"]
[EventCountry "DEN"]
[SourceTitle "Live v. Koge Skakklub"]

1. e4 c6 2. d4 g6 3. Nc3 Bg7 4. Be3 b5 5. Bd3 d6 6. Qd2 Nd7 7. Nf3 a6 8. a4 Bb7 9. h4 h6 10. O-O e6 11. d5 b4 12. dxe6 bxc3 13. exd7+ Qxd7 14. bxc3 Nf6 15. e5 Nd5 16. exd6 Qxd6 17. Rab1 Bc8 18. Be4 O-O 19. c4 Re8 20. Bxd5 cxd5 21. Bxh6 Re4 22. Bxg7 Kxg7 23. Qxd5 Qxd5 24. cxd5 Bg4 25. Ng5 Rxa4 26. Rb7 Rf8 27. Rc7 Rc8 28. Rxf7+ Kg8 29. Re1 Bf5 30. Ree7 Rxh4 31. Nh7 Rxh7 32. Rxh7 Bxc2 33. Reg7+ Kf8 34. Rc7 Rxc7 35. Rxc7 Bd3 36. d6 Ke8 37. f3 Kd8 38. Kf2 Bb5 39. Ke3 a5 40. Kd4 a4 41. Ke5 Bd7 42. g4 Ke8 43. Kf6 1-0

[Event "6 Koge Open 2025 GM"]
[Site "Koge"]
[Date "2025.07.15"]
[Round "1.3"]
[White "Laursen, Christopher Hofman"]
[Black "Caglio, Luigi"]
[Result "1/2-1/2"]
[WhiteElo "2244"]
[BlackElo "2172"]
[PlyCount "53"]
[EventDate "2025.07.15"]
[EventType "tourn"]
[EventRounds "9"]
[EventCountry "DEN"]
[SourceTitle "Live v. Koge Skakklub"]

1. Nf3 Nf6 2. b3 g6 3. Bb2 Bg7 4. c4 d6 5. d4 Nbd7 6. g3 O-O 7. Bg2 e5 8. dxe5 Ng4 9. O-O a5 10. h3 Ngxe5 11. Nxe5 Nxe5 12. Qd2 a4 13. f4 Nd7 14. Bxg7 Kxg7 15. Qd4+ Qf6 16. Qxf6+ Kxf6 17. Nc3 axb3 18. Nd5+ Kg7 19. axb3 Rxa1 20. Rxa1 c6 21. Nc3 Nc5 22. b4 Nb3 23. Rd1 Be6 24. Rxd6 Bxc4 25. g4 Re8 26. Kf2 c5 27. Rb6 1/2-1/2

[Event "6 Koge Open 2025 GM"]
[Site "Koge"]
[Date "2025.07.15"]
[Round "1.4"]
[White "Jarlskov, Daniel Tuk Hartso"]
[Black "Hoi, Carsten"]
[Result "1/2-1/2"]
[WhiteElo "2224"]
[BlackElo "2288"]
[PlyCount "26"]
[EventDate "2025.07.15"]
[EventType "tourn"]
[EventRounds "9"]
[EventCountry "DEN"]
[SourceTitle "Live v. Koge Skakklub"]

1. d4 Nc6 2. Nf3 d6 3. c4 e5 4. Nc3 Bg4 5. d5 Nce7 6. e4 Nf6 7. Be2 Ng6 8. h3 Bd7 9. O-O h6 10. Nh2 Be7 11. Ng4 Nf4 12. Bxf4 exf4 13. e5 Nxg4 1/2-1/2

[Event "6 Koge Open 2025 GM"]
[Site "Koge"]
[Date "2025.07.15"]
[Round "1.2"]
[White "Liu, Casper Yukun"]
[Black "Veiergang, Oscar Jacob"]
[Result "1-0"]
[WhiteElo "2325"]
[BlackElo "2166"]
[PlyCount "47"]
[EventDate "2025.07.15"]
[EventType "tourn"]
[EventRounds "9"]
[EventCountry "DEN"]
[SourceTitle "Live v. Koge Skakklub"]

1. d4 d6  2. Nf3  Nf6  3. g3  g6  4. Bg2  Bg7  5. O-O  O-O  6. b3  e5  7. dxe5  dxe5  8. Bb2  e4  9. Nd4  a6  10. c4  c5  11. Nc2  Nc6  12. Nc3  Qe7  13. Ne3  Rd8  14. Ncd5  Nxd5  15. Nxd5  Qe8  16. Qb1  Bf5  17. Bxg7  Kxg7  18. Nc7  Qe5  19. Nxa8  e3  20. f4  Qf6  21. Qc1  Nd4  22. Qxe3  Nc2  23. Qxc5  Nxa1  24. e4   1-0

[Event "6 Koge Open 2025 GM"]
[Site "Koge"]
[Date "2025.07.15"]
[Round "2.1"]
[White "Jaksland, Tim"]
[Black "Liu, Casper Yukun"]
[Result "0-1"]
[WhiteElo "2108"]
[BlackElo "2325"]
[PlyCount "70"]
[EventDate "2025.07.15"]
[EventType "tourn"]
[EventRounds "9"]
[EventCountry "DEN"]
[SourceTitle "Live v. Koge Skakklub"]

1. e4 c5 2. c3 Nf6 3. e5 Nd5 4. Bc4 Nb6 5. Bb3 d6 6. exd6 Qxd6 7. Na3 a6 8. Ne2 Nc6 9. O-O g6 10. d4 cxd4 11. cxd4 Bg7 12. Bf4 Qd8 13. d5 Na5 14. Rc1 Nxb3 15. Qxb3 Nxd5 16. Bc7 Nxc7 17. Rfd1 Bd7 18. Qxb7 Rc8 19. Rc2 O-O 20. Rcd2 Ne6 21. Rxd7 Qa5 22. R7d5 Qa4 23. Qb3 Qg4 24. R5d2 Bh6 25. h3 Qh5 26. Ng3 Qh4 27. Re2 Nd4 28. Qd3 Nxe2+ 29. Qxe2 Qa4 30. Re1 Rfd8 31. Ne4 Rc1 32. Rxc1 Bxc1 33. Nc3 Qb4 34. Nc4 Rc8 35. Qc2 Bxb2 0-1

[Event "6 Koge Open 2025 GM"]
[Site "Koge"]
[Date "2025.07.15"]
[Round "2.3"]
[White "Caglio, Luigi"]
[Black "Jarlskov, Daniel Tuk Hartso"]
[Result "1-0"]
[WhiteElo "2172"]
[BlackElo "2224"]
[PlyCount "47"]
[EventDate "2025.07.15"]
[EventType "tourn"]
[EventRounds "9"]
[EventCountry "DEN"]
[SourceTitle "Live v. Koge Skakklub"]

1. e4 c6 2. d4 d5 3. e5 c5 4. dxc5 e6 5. Be3 Nd7 6. Bb5 Qc7 7. b4 Ne7 8. Nf3 Nf5 9. O-O Be7 10. Bf4 O-O 11. Bd3 Qc6 12. Bxf5 exf5 13. Nc3 a5 14. Nd4 Qg6 15. Nxd5 Bd8 16. c3 Re8 17. Re1 f6 18. e6 Ne5 19. e7 Bxe7 20. Nc7 b6 21. c6 Rd8 22. Nxa8 Be6 23. Nxb6 axb4 24. c7 1-0

[Event "6 Koge Open 2025 GM"]
[Site "Koge"]
[Date "2025.07.15"]
[Round "2.2"]
[White "Veiergang, Oscar Jacob"]
[Black "Laursen, Christopher Hofman"]
[Result "1-0"]
[WhiteElo "2166"]
[BlackElo "2244"]
[PlyCount "85"]
[EventDate "2025.07.15"]
[EventType "tourn"]
[EventRounds "9"]
[EventCountry "DEN"]
[SourceTitle "Live v. Koge Skakklub"]

1. e4 Nf6 2. e5 Ng8 3. d4 d6 4. Nf3 Nc6 5. Bb5 a6 6. Bxc6+ bxc6 7. O-O a5 8. Re1 e6 9. c4 Ne7 10. Nc3 Ng6 11. Bg5 f6 12. exf6 gxf6 13. Bd2 d5 14. h4 dxc4 15. Qa4 Bd7 16. Qxc4 Bd6 17. Bh6 Rb8 18. Ne4 Qe7 19. h5 Nf4 20. Bxf4 Bxf4 21. Nc5 Rb4 22. Qe2 Kf7 23. Nd3 Bd6 24. Nxb4 axb4 25. Qe4 Qf8 26. Qh4 Qh6 27. Re4 Ra8 28. Nh2 Qd2 29. Ng4 Be7 30. Re3 Qxb2 31. Rae1 Rxa2 32. Nxf6 Qxf2+ 33. Qxf2 Rxf2 34. Nxd7 Rd2 35. Ne5+ Kg7 36. Nxc6 Bh4 37. R1e2 Rd1+ 38. Kh2 Bg5 39. Rg3 h6 40. Rxe6 Kf7 41. Re4 Rb1 42. Ne5+ Kf6 43. Rf3+ 1-0

[Event "6 Koge Open 2025 GM"]
[Site "Koge"]
[Date "2025.07.15"]
[Round "2.5"]
[White "Hector, Jonny"]
[Black "Okhotnik, Vladimir"]
[Result "1/2-1/2"]
[WhiteElo "2427"]
[BlackElo "2255"]
[PlyCount "128"]
[EventDate "2025.07.15"]
[EventType "tourn"]
[EventRounds "9"]
[EventCountry "DEN"]
[SourceTitle "Live v. Koge Skakklub"]

1. e4 c6 2. d4 d5 3. f3 e6 4. Be3 Qb6 5. Qc1 Nd7 6. c3 a5 7. Bd3 Ne7 8. Ne2 a4 9. O-O Qa7 10. c4 dxc4 11. Bxc4 b5 12. d5 Nb6 13. Bd3 exd5 14. Nbc3 Qb7 15. exd5 Nbxd5 16. Ne4 Nf5 17. Nc5 Qc7 18. Bxf5 Bxf5 19. Ng3 Nxe3 20. Qxe3+ Qe7 21. Nce4 Bxe4 22. Nxe4 Qa7 23. Nc5+ Be7 24. Rfe1 Kf8 25. Rac1 Bxc5 26. Rxc5 h5 27. Rxc6 Qxe3+ 28. Rxe3 Rb8 29. Re5 g6 30. Rc7 Kg7 31. Ree7 Rhf8 32. Rb7 Rxb7 33. Rxb7 Rc8 34. Rxb5 Rc1+ 35. Kf2 Rc2+ 36. Kg3 a3 37. bxa3 Rxa2 38. Ra5 Rb2 39. h4 Kf6 40. Ra7 Ke6 41. a4 f6 42. a5 Ra2 43. a6 Kf5 44. Ra8 Ra1 45. a7 Ra4 46. Kf2 Ra2+ 47. Ke3 Ra3+ 48. Kd4 Kf4 49. Rf8 Rxa7 50. Rxf6+ Kg3 51. Rxg6+ Kxh4 52. g3+ Kh3 53. f4 Ra4+ 54. Ke5 Ra5+ 55. Ke4 Ra4+ 56. Kf3 Ra3+ 57. Kf2 Ra2+ 58. Ke1 Ra1+ 59. Kd2 Ra2+ 60. Kd1 Ra1+ 61. Kc2 Ra2+ 62. Kb3 Rf2 63. Kc3 h4 64. gxh4 Kxh4 1/2-1/2

[Event "6 Koge Open 2025 GM"]
[Site "Koge"]
[Date "2025.07.15"]
[Round "2.4"]
[White "Hoi, Carsten"]
[Black "Bhagat, Kush"]
[Result "1/2-1/2"]
[WhiteElo "2288"]
[BlackElo "2369"]
[PlyCount "56"]
[EventDate "2025.07.15"]
[EventType "tourn"]
[EventRounds "9"]
[EventCountry "DEN"]
[SourceTitle "Live v. Koge Skakklub"]

1. d4 Nf6 2. c4 g6 3. Nc3 Bg7 4. e4 d6 5. f3 O-O 6. Be3 c5 7. Nge2 Nc6 8. Qd2 Qa5 9. d5 Ne5 10. Ng3 Nfd7 11. Rc1 a6 12. Be2 b5 13. f4 Nxc4 14. Bxc4 bxc4 15. O-O Rb8 16. Rf2 Nb6 17. e5 Na4 18. Nxa4 Qxa4 19. Ne4 Bf5 20. Nc3 Qa5 21. h3 dxe5 22. fxe5 Bxe5 23. Bf4 Bd4 24. Bxb8 Rxb8 25. Kh1 Bxf2 26. Qxf2 Qb4 27. g4 Bd3 28. Re1 Qxb2 1/2-1/2

[Event "6 Koge Open 2025 GM"]
[Site "Koge"]
[Date "2025.07.16"]
[Round "3.4"]
[White "Bhagat, Kush"]
[Black "Caglio, Luigi"]
[Result "1-0"]
[WhiteElo "2369"]
[BlackElo "2172"]
[PlyCount "57"]
[EventDate "2025.07.15"]
[EventType "tourn"]
[EventRounds "9"]
[EventCountry "DEN"]
[SourceTitle "Live v. Koge Skakklub"]

1. d4 Nf6 2. c4 d6 3. Nc3 g6 4. e4 Bg7 5. Be2 O-O 6. Be3 e5 7. d5 Nfd7 8. g4 a5 9. h4 f5 10. gxf5 gxf5 11. exf5 Nc5 12. Bxc5 dxc5 13. Bd3 e4 14. Bxe4 Bxf5 15. Bxf5 Rxf5 16. Nge2 Nd7 17. Qc2 Qf8 18. O-O-O a4 19. Ne4 a3 20. b3 Re8 21. N2g3 Rf3 22. Rdg1 Kh8 23. Kb1 Qf4 24. Ng5 Nf8 25. Nh5 Qd4 26. Nxg7 Rxf2 27. Nxe8 Ng6 28. Ne6 Qe3 29. Rh3 1-0

[Event "6 Koge Open 2025 GM"]
[Site "Koge"]
[Date "2025.07.16"]
[Round "3.3"]
[White "Jarlskov, Daniel Tuk Hartso"]
[Black "Veiergang, Oscar Jacob"]
[Result "0-1"]
[WhiteElo "2224"]
[BlackElo "2166"]
[PlyCount "66"]
[EventDate "2025.07.15"]
[EventType "tourn"]
[EventRounds "9"]
[EventCountry "DEN"]
[SourceTitle "Live v. Koge Skakklub"]

1. d4 Nf6 2. c4 g6 3. h4 c5 4. d5 d6 5. Nc3 Bg7 6. Bg5 h6 7. Bf4 O-O 8. Qd2 Kh7 9. e4 a6 10. Be2 b5 11. h5 g5 12. e5 Nfd7 13. e6 fxe6 14. dxe6 Rxf4 15. Bd3+ Kh8 16. exd7 Bb7 17. Nge2 Rf8 18. f4 Nxd7 19. fxg5 Ne5 20. gxh6 Nxd3+ 21. Qxd3 Bxh6 22. Nd5 Bxd5 23. cxd5 Qa5+ 24. Nc3 Qb4 25. Qc2 Qf4 26. Ne4 Rf5 27. g3 Qf3 28. Qc3+ Qxc3+ 29. Nxc3 Rg8 30. Rh3 b4 31. Na4 Rg4 32. Ke2 Rd4 33. Rf1 Rd2+ 0-1

[Event "6 Koge Open 2025 GM"]
[Site "Koge"]
[Date "2025.07.16"]
[Round "3.5"]
[White "Okhotnik, Vladimir"]
[Black "Hoi, Carsten"]
[Result "1/2-1/2"]
[WhiteElo "2255"]
[BlackElo "2288"]
[PlyCount "72"]
[EventDate "2025.07.15"]
[EventType "tourn"]
[EventRounds "9"]
[EventCountry "DEN"]
[SourceTitle "Live v. Koge Skakklub"]

1. e4 e5 2. Bc4 Nc6 3. d3 d6 4. f4 Na5 5. Nf3 Nxc4 6. dxc4 Be6 7. Qd3 f6 8. f5 Bf7 9. Nc3 c6 10. Be3 Qc7 11. g4 h6 12. h4 Ne7 13. h5 Rd8 14. O-O a6 15. Qe2 b5 16. cxb5 axb5 17. Qf2 Rb8 18. b3 d5 19. Bc5 b4 20. Na4 Nc8 21. Bxf8 Rxf8 22. Nc5 Ra8 23. Rfe1 d4 24. Nh4 Qd6 25. Nd3 c5 26. Ng6 Rg8 27. Qe2 Nb6 28. Qd2 Kd7 29. Qh2 Bxg6 30. fxg6 Kc7 31. Rf1 Ra3 32. g5 hxg5 33. h6 gxh6 34. Qxh6 Nd7 35. Qh7 Raa8 36. a3 Rh8 1/2-1/2

[Event "6 Koge Open 2025 GM"]
[Site "Koge"]
[Date "2025.07.16"]
[Round "3.1"]
[White "Laursen, Christopher Hofman"]
[Black "Jaksland, Tim"]
[Result "1/2-1/2"]
[WhiteElo "2244"]
[BlackElo "2108"]
[PlyCount "27"]
[EventDate "2025.07.15"]
[EventType "tourn"]
[EventRounds "9"]
[EventCountry "DEN"]
[SourceTitle "Live v. Koge Skakklub"]

1. Nf3 d5 2. b3 c5 3. e3 Nf6 4. Bb2 g6 5. c4 dxc4 6. Bxc4 Bg7 7. O-O O-O 8. Nc3 a6 9. Be2 b5 10. Rc1 Bb7 11. a4 b4 12. Na2 Nbd7 13. d4 Ne4 14. Qc2 1/2-1/2

[Event "6 Koge Open 2025 GM"]
[Site "Koge"]
[Date "2025.07.16"]
[Round "3.2"]
[White "Liu, Casper Yukun"]
[Black "Hector, Jonny"]
[Result "0-1"]
[WhiteElo "2325"]
[BlackElo "2427"]
[PlyCount "106"]
[EventDate "2025.07.15"]
[EventType "tourn"]
[EventRounds "9"]
[EventCountry "DEN"]
[SourceTitle "Live v. Koge Skakklub"]

1. d4 d5 2. c4 c6 3. Nf3 Nf6 4. g3 Bf5 5. Nc3 e6 6. Qb3 Qb6 7. c5 Qxb3 8. axb3 Be7 9. b4 O-O 10. Bf4 Nfd7 11. Rg1 Na6 12. Rxa6 bxa6 13. e3 Rab8 14. Bxb8 Rxb8 15. g4 Bg6 16. Na2 a5 17. b5 cxb5 18. c6 Nf6 19. Bxb5 Ne8 20. Nc3 Nc7 21. Ne5 a6 22. Nd7 Rxb5 23. Nxb5 axb5 24. Nc5 f6 25. Kd2 Bxc5 26. dxc5 Be8 27. Ra1 a4 28. b3 Bxc6 29. bxa4 bxa4 30. Rb1 Bb5 31. Kc3 Kf7 32. Kb4 Ke7 33. Ka5 Kd7 34. Kb6 e5 35. Rd1 Bc6 36. f4 exf4 37. exf4 Nb5 38. Rd2 a3 39. Ra2 Nc3 40. Rxa3 Na4+ 41. Ka5 Nxc5 42. Kb4 Kd6 43. Kc3 Bd7 44. h3 f5 45. Ra7 fxg4 46. hxg4 Bxg4 47. Rxg7 d4+ 48. Kb4 Be2 49. Rxh7 d3 50. Rh6+ Kd5 51. Rh8 Ne4 52. Rd8+ Ke6 53. Kc4 d2+ 0-1

[Event "6 Koge Open 2025 GM"]
[Site "Koge"]
[Date "2025.07.16"]
[Round "4.4"]
[White "Caglio, Luigi"]
[Black "Okhotnik, Vladimir"]
[Result "0-1"]
[WhiteElo "2172"]
[BlackElo "2255"]
[PlyCount "54"]
[EventDate "2025.07.15"]
[EventType "tourn"]
[EventRounds "9"]
[EventCountry "DEN"]
[SourceTitle "Live v. Koge Skakklub"]

1. e4 c5 2. Nc3 e6 3. f4 d5 4. e5 Nc6 5. Nf3 Nge7 6. Ne2 Ng6 7. h4 f6 8. h5 Nge7 9. d4 cxd4 10. Nexd4 Nxd4 11. Nxd4 fxe5 12. fxe5 Nc6 13. Nxc6 bxc6 14. Qg4 Qb6 15. c3 Kd7 16. Bd3 Ba6 17. Rf1 Be7 18. Rf7 Rhf8 19. Rxe7+ Kxe7 20. Qg5+ Ke8 21. Bxa6 Qxa6 22. Bf4 Qd3 23. g3 Rb8 24. Qg4 Qe4+ 25. Kd1 Rf5 26. Qxg7 Rxb2 27. Qg8+ Kd7 0-1

[Event "6 Koge Open 2025 GM"]
[Site "Koge"]
[Date "2025.07.16"]
[Round "4.3"]
[White "Liu, Casper Yukun"]
[Black "Laursen, Christopher Hofman"]
[Result "1-0"]
[WhiteElo "2325"]
[BlackElo "2244"]
[PlyCount "49"]
[EventDate "2025.07.15"]
[EventType "tourn"]
[EventRounds "9"]
[EventCountry "DEN"]
[SourceTitle "Live v. Koge Skakklub"]

1. e4 c5 2. Nc3 Nc6 3. Nge2 Nf6 4. d4 cxd4 5. Nxd4 e5 6. Ndb5 d6 7. Nd5 Nxd5 8. exd5 Ne7 9. c4 Nf5 10. Bd3 Be7 11. O-O a6 12. Nc3 O-O 13. f4 g6 14. Kh1 Nd4 15. Be3 f5 16. c5 Bf6 17. b4 e4 18. Bc4 Nb5 19. Na4 Nc3 20. Nxc3 Bxc3 21. Rb1 Rf7 22. a4 Qf6 23. c6 bxc6 24. dxc6 Be6 25. Qb3 1-0

[Event "6 Koge Open 2025 GM"]
[Site "Koge"]
[Date "2025.07.16"]
[Round "4.5"]
[White "Hector, Jonny"]
[Black "Hoi, Carsten"]
[Result "1-0"]
[WhiteElo "2427"]
[BlackElo "2288"]
[PlyCount "87"]
[EventDate "2025.07.15"]
[EventType "tourn"]
[EventRounds "9"]
[EventCountry "DEN"]
[SourceTitle "Live v. Koge Skakklub"]

1. e4 Nc6 2. Nc3 d6 3. f4 Nf6 4. d4 e6 5. Be3 a6 6. Nf3 b5 7. Bd3 Bb7 8. a4 b4 9. Ne2 Ne7 10. Ng3 h5 11. Ng5 h4 12. Nf1 d5 13. e5 Ne4 14. Qf3 Nxg5 15. fxg5 Qd7 16. Nd2 Nf5 17. Bxf5 exf5 18. O-O g6 19. h3 c5 20. Qf4 Rc8 21. Nf3 cxd4 22. Bxd4 Qe6 23. c3 a5 24. Rfe1 Be7 25. Nxh4 O-O 26. Nf3 Ba6 27. Qd2 Rc4 28. Kh1 Rfc8 29. Qf2 bxc3 30. bxc3 Rb8 31. Rab1 Rcc8 32. Qd2 Bc4 33. Bg1 d4 34. Nxd4 Qd7 35. Qf4 Rxb1 36. Rxb1 Bd3 37. Rb6 Be4 38. e6 Qd5 39. exf7+ Kxf7 40. Qg3 f4 41. Qxf4+ Kg8 42. Nf3 Rf8 43. Qe5 Rxf3 44. Rxg6+ 1-0

[Event "6 Koge Open 2025 GM"]
[Site "Koge"]
[Date "2025.07.16"]
[Round "4.1"]
[White "Jaksland, Tim"]
[Black "Jarlskov, Daniel Tuk Hartso"]
[Result "1/2-1/2"]
[WhiteElo "2108"]
[BlackElo "2224"]
[PlyCount "56"]
[EventDate "2025.07.15"]
[EventType "tourn"]
[EventRounds "9"]
[EventCountry "DEN"]
[SourceTitle "Live v. Koge Skakklub"]

1. e4 c6 2. d4 d5 3. e5 c5 4. Nf3 Nc6 5. dxc5 Bg4 6. c3 e6 7. Be3 a6 8. Nbd2 Nge7 9. h3 Bxf3 10. Nxf3 Nf5 11. Bd4 Be7 12. Bd3 Nfxd4 13. cxd4 O-O 14. O-O g6 15. Qd2 Qc7 16. Rae1 Rfe8 17. h4 a5 18. a3 a4 19. Bb5 Reb8 20. Re2 Ra5 21. Bxc6 bxc6 22. Rc1 Rab5 23. Rc2 Bd8 24. h5 Rb3 25. hxg6 hxg6 26. Re3 Rxe3 27. Qxe3 Rb3 28. Qe2 Qb7 1/2-1/2

[Event "6 Koge Open 2025 GM"]
[Site "Koge"]
[Date "2025.07.16"]
[Round "4.2"]
[White "Veiergang, Oscar Jacob"]
[Black "Bhagat, Kush"]
[Result "0-1"]
[WhiteElo "2166"]
[BlackElo "2369"]
[PlyCount "100"]
[EventDate "2025.07.15"]
[EventType "tourn"]
[EventRounds "9"]
[EventCountry "DEN"]
[SourceTitle "Live v. Koge Skakklub"]

1. e4 c5 2. Nf3 d6 3. d4 cxd4 4. Nxd4 Nf6 5. Nc3 Nc6 6. Bg5 e6 7. Qd2 a6 8. O-O-O Bd7 9. f4 Be7 10. Nf3 b5 11. e5 b4 12. exf6 bxc3 13. Qxc3 gxf6 14. Kb1 Rg8 15. Bh4 Rb8 16. Qd3 Rg7 17. Nd4 Qb6 18. Nb3 Nb4 19. Qd4 Qxd4 20. Nxd4 e5 21. a3 Nd5 22. Nb5 Bxb5 23. Rxd5 Bxf1 24. Rxf1 Rxg2 25. Rf2 Rxf2 26. Bxf2 Kd7 27. Ra5 Ra8 28. f5 Bd8 29. Rd5 Bc7 30. b4 Rg8 31. c4 Rg4 32. b5 Rxc4 33. bxa6 Ra4 34. a7 Kc6 35. Rd3 d5 36. Rh3 d4 37. Rxh7 Rxa7 38. Rxf7 Rxa3 39. Rxf6+ Kd5 40. Bg3 Rf3 41. Kc1 e4 42. Bxc7 Rc3+ 43. Kd1 Rxc7 44. Ra6 e3 45. f6 Rh7 46. Ra2 Ke5 47. Ra4 Rxh2 48. f7 Rf2 49. Ra7 Ke6 50. Ra4 Rd2+ 0-1

[Event "6 Koge Open 2025 GM"]
[Site "Koge"]
[Date "2025.07.17"]
[Round "5.4"]
[White "Okhotnik, Vladimir"]
[Black "Veiergang, Oscar Jacob"]
[Result "1-0"]
[WhiteElo "2255"]
[BlackElo "2166"]
[PlyCount "61"]
[EventDate "2025.07.15"]
[EventType "tourn"]
[EventRounds "9"]
[EventCountry "DEN"]
[SourceTitle "Live v. Koge Skakklub"]

1. e4 e5 2. Nf3 Nc6 3. Nc3 Nf6 4. a3 d5 5. Bb5 Bg4 6. h3 Bxf3 7. Qxf3 d4 8. Nd5 Qd6 9. Nxf6+ gxf6 10. Bc4 Ne7 11. Qb3 O-O-O 12. Bxf7 Bh6 13. Qe6+ Kb8 14. Qxd6 Rxd6 15. d3 Bxc1 16. Rxc1 Rf8 17. Bh5 Rb6 18. Rb1 a5 19. Kd2 f5 20. exf5 Nxf5 21. Ke2 Rbf6 22. Rbf1 Rc6 23. Kd2 Rcf6 24. Be2 Ng7 25. Bf3 Ne6 26. h4 Nf4 27. Re1 Rg8 28. Rh2 Rf5 29. Be4 Rff8 30. g3 Nh5 31. Bd5 1-0

[Event "6 Koge Open 2025 GM"]
[Site "Koge"]
[Date "2025.07.17"]
[Round "5.3"]
[White "Laursen, Christopher Hofman"]
[Black "Hector, Jonny"]
[Result "0-1"]
[WhiteElo "2244"]
[BlackElo "2427"]
[PlyCount "104"]
[EventDate "2025.07.15"]
[EventType "tourn"]
[EventRounds "9"]
[EventCountry "DEN"]
[SourceTitle "Live v. Koge Skakklub"]

1. e4 c5 2. Nf3 d6 3. d4 cxd4 4. Nxd4 Nf6 5. Nc3 Nc6 6. Bg5 e6 7. Qd2 a6 8. O-O-O Bd7 9. f4 Be7 10. Nf3 b5 11. e5 b4 12. exf6 bxc3 13. Qxc3 gxf6 14. Kb1 Rg8 15. Bh4 Rb8 16. Qd3 Rg7 17. Nd4 Qb6 18. Nb3 Nb4 19. Qd4 Qxd4 20. Nxd4 e5 21. a3 Nd5 22. Nb5 Bxb5 23. Rxd5 Bxf1 24. Rxf1 Rxg2 25. Rf2 Rxf2 26. Bxf2 Kd7 27. Ra5 Ra8 28. f5 Bd8 29. Rd5 Bc7 30. b4 Rg8 31. c4 Rg4 32. b5 Rxc4 33. bxa6 Ra4 34. a7 Kc6 35. Rd3 d5 36. Rh3 d4 37. Rxh7 Rxa7 38. Rxf7 Rxa3 39. Rxf6+ Kd5 40. Bg3 Rf3 41. Kc1 e4 42. Bxc7 Rc3+ 43. Kd1 Rxc7 44. Ra6 e3 45. f6 Rh7 46. Ra2 Ke5 47. Ra4 Rh6 48. h3 Rxh3 49. f7 Rh2 50. Ra6 Rf2 51. Ra7 Ke6 52. Ra4 Rd2+ 0-1

[Event "6 Koge Open 2025 GM"]
[Site "Koge"]
[Date "2025.07.17"]
[Round "5.5"]
[White "Hoi, Carsten"]
[Black "Caglio, Luigi"]
[Result "1-0"]
[WhiteElo "2288"]
[BlackElo "2172"]
[PlyCount "89"]
[EventDate "2025.07.15"]
[EventType "tourn"]
[EventRounds "9"]
[EventCountry "DEN"]
[SourceTitle "Live v. Koge Skakklub"]

1. d4 Nf6 2. c4 d6 3. Nc3 g6 4. e4 Bg7 5. f3 e5 6. Nge2 Nc6 7. Be3 O-O 8. Qd2 Nd7 9. d5 Ne7 10. g4 f5 11. gxf5 gxf5 12. Rg1 f4 13. Bf2 Nb6 14. b3 Rf6 15. O-O-O Rh6 16. Rh1 Ng6 17. Kb1 Nh4 18. Qd3 Nd7 19. Ng1 Nc5 20. Qe2 a5 21. Bh3 Qg5 22. Bxc5 dxc5 23. Nb5 Qd8 24. a4 Raa6 25. Be6+ Bxe6 26. dxe6 Qe7 27. Rd7 Qxe6 28. Rxc7 Rg6 29. Qd1 Rg2 30. Qd8+ Bf8 31. Qxh4 h6 32. Qd8 Qg6 33. Qd5+ Kh8 34. Nh3 Rf6 35. Rd1 Rxh2 36. Rg1 Rg2 37. Rxg2 Qxg2 38. Qxe5 Bg7 39. Rxg7 Qxg7 40. Nd6 Rf8 41. Qxg7+ Kxg7 42. Nf5+ Kf6 43. Nxh6 Ke5 44. Ng4+ Kd4 45. Kc2 1-0

[Event "6 Koge Open 2025 GM"]
[Site "Koge"]
[Date "2025.07.17"]
[Round "5.1"]
[White "Bhagat, Kush"]
[Black "Jaksland, Tim"]
[Result "1/2-1/2"]
[WhiteElo "2369"]
[BlackElo "2108"]
[PlyCount "29"]
[EventDate "2025.07.15"]
[EventType "tourn"]
[EventRounds "9"]
[EventCountry "DEN"]
[SourceTitle "Live v. Koge Skakklub"]

1. d4 Nf6 2. c4 e6 3. Nf3 d5 4. Nc3 Bb4 5. Qa4+ Nc6 6. e3 O-O 7. Qc2 Na5 8. cxd5 exd5 9. a3 Bxc3+ 10. Qxc3 b6 11. Bd3 Nb7 12. Bd2 c5 13. Qc2 c4 14. Be2 Nd6 15. Bb4 1/2-1/2

[Event "6 Koge Open 2025 GM"]
[Site "Koge"]
[Date "2025.07.17"]
[Round "5.2"]
[White "Jarlskov, Daniel Tuk Hartso"]
[Black "Liu, Casper Yukun"]
[Result "0-1"]
[WhiteElo "2224"]
[BlackElo "2325"]
[PlyCount "106"]
[EventDate "2025.07.15"]
[EventType "tourn"]
[EventRounds "9"]
[EventCountry "DEN"]
[SourceTitle "Live v. Koge Skakklub"]

1. d4  Nf6  2. c4  c5  3. d5  b5  4. cxb5  a6  5. bxa6  e6  6. dxe6  fxe6  7. e3  Be7  8. Nf3  O-O  9. Be2  d5  10. Nc3  Bxa6  11. Bxa6  Rxa6  12. O-O  Nc6  13. b3  e5  14. Qe2  Ra8  15. Rd1  e4  16. Ng5  Qb8  17. Bb2  Nb4  18. Rd2  Qc8  19. a3  Nd3  20. Rxd3  exd3  21. Qxd3  c4  22. Nxd5  cxd3  23. Nxe7+  Kh8  24. Nxc8  Rfxc8  25. Nf7+  Kg8  26. Ne5  Rc2  27. Nxd3  Ng4  28. Bd4  Rd2  29. Nc5  Rxa3  30. Rf1  Nh6  31. Ne4  Rc2  32. b4  Rb3 33. Bc5  Rbb2  34. h3  Kf7 35. Ng5+  Kg6  36. Nf3  Nf7  37. Nd4  Rc4  38. Nc6  Kf5  39. g4+  Ke4  40. Kg2  Ng5  41. Nd4  Rc3  42. Nf5  Ne6  43. Be7  Nc7  44. Bc5  Ne6  45. Nxg7  Nxc5  46. bxc5 Rxe3 47. Nf5  Rc3 48. Re1+  Kf4  49. Nd4  Rg3+  50. Kf1  Rxh3  51. c6  Rh1+  52. Kg2  Rxe1  53. c7  Rc1  0-1

[Event "6 Koge Open 2025 GM"]
[Site "Koge"]
[Date "2025.07.17"]
[Round "6.5"]
[White "Hector, Jonny"]
[Black "Caglio, Luigi"]
[Result "1-0"]
[WhiteElo "2427"]
[BlackElo "2172"]
[PlyCount "91"]
[EventDate "2025.07.15"]
[EventType "tourn"]
[EventRounds "9"]
[EventCountry "DEN"]
[SourceTitle "Live v. Koge Skakklub"]

1. e4 d5 2. exd5 Qxd5 3. Nf3 Nf6 4. d4 Bg4 5. Be2 Nc6 6. O-O O-O-O 7. c4 Qd6 8. d5 Bxf3 9. Bxf3 Ne5 10. Be2 e6 11. Qa4 Neg4 12. g3 Qe5 13. Bxg4 Nxg4 14. Qxa7 Rd6 15. Qa8+ Kd7 16. Qxb7 Rb6 17. dxe6+ fxe6 18. Qf3 Qh5 19. Rd1+ Bd6 20. h4 Ke8 21. Rd4 Nf6 22. Qxh5+ Nxh5 23. Re4 Bc5 24. Kg2 Rf8 25. Re2 Bd4 26. Na3 e5 27. Nb5 Kd7 28. Nxd4 exd4 29. b3 Ra8 30. Bb2 c5 31. Re5 Nf6 32. Rxc5 Rd6 33. Rg5 Kc6 34. Rxg7 Ne4 35. Re7 Nc3 36. Bxc3 dxc3 37. Rc1 Rd3 38. Rc2 Rad8 39. Rxh7 Kc5 40. Rf7 Kd4 41. Rf4+ Kc5 42. h5 Kb4 43. Rf5 Rb8 44. Kf1 Rd2 45. Rxd2 cxd2 46. Ke2 1-0